The Silmarillion: Meanings Of All Turin Turambar's Names - Statistics

General Stats
  • This quiz has been taken 5 times
  • The average score is 2 of 7
Answer Stats
Hint Answer % Correct
Mormegil Black Sword
100%
Agarwaen Bloodstained
20%
Adanedhel Elf Man
20%
Turambar Master of Fate
20%
Neithan The Wronged
20%
Gorthol Dread Helm
0%
Turin The Secret
0%
No matching quizzes found
Score Distribution
Percent of People with Each Score
Percentile by Number Answered
Your Score History
You have not taken this quiz